• 首页
  • 本馆介绍
  • 公告通知
  • 最新文献
  • 馆藏检索
  • 电子资源
  • 读者导购
  • 参考咨询
  • 我的图书馆
  • 登录
  • 详细信息显示
  • 放入我的书架
  • 预约/预借图书
  • 作者相关作品
  • 分类相关作品
  • 丛书相关作品
  • 出版社相关作品

书目信息

  • 表格格式
  • 工作单格式
  • 卡片格式
题名:
数学教育心理学
    
 
作者: 张楚廷 著
分册:  
出版信息: 北京   警官教育出版社  1998.8
页数: 231页
开本: 32开
丛书名: 教育心理学丛书
单 册:
中图分类: G447
科图分类:
主题词: 教育心理学
电子资源:
ISBN: 7-81027-968-8
000 00703nam0 2200229 45
001 0010301551
005 20031219104047.0
010    @a7-81027-968-8@dCNY10.00
100    @a20001030d1998 km y0chiy0120 ea
101 0  @achi
105    @a z 000yy
200 1  @a数学教育心理学@AShu Xue Jiao Yu Xin Li Xue@f张楚廷著@FZhang Chu Ting Zhu
210    @a北京@c警官教育出版社@d1998.8
215    @a231页@d32开
225    @a教育心理学丛书@f张楚廷,母庚才主编
410    @12001 @a教育心理学丛书
410    @1700 0@a母庚才@AMu Geng Cai@4主编@a张楚廷@AZhang Chu Ting@4主编
606 0  @a教育心理学
690    @aG447@v1
701  0 @a张楚廷@4著
801    @aCN@bTSTC@c20001030
905    @b292220-224@dG447@e68@f5
    
    数学教育心理学/张楚廷著.-北京:警官教育出版社,1998.8
    231页;32开.-(教育心理学丛书/张楚廷,母庚才主编)
    
    
    ISBN 7-81027-968-8:CNY10.00
    
●
相关链接 在E读中查询图书 在五车中查询图书 在当当中查询图书 在豆瓣中查询图书


正题名:数学教育心理学     索取号:G447/68         预约/预借

序号 登录号 条形码 馆藏地/架位号 状态 备注
1 0292220   002922207   第四借阅区/ [索取号:G447/68] 在馆    
2 0292221   002922216   第四借阅区/ [索取号:G447/68] 在馆    
3 0292222   002922225   第四借阅区/ [索取号:G447/68] 在馆    
4 0292223   002922234   第四借阅区/ [索取号:G447/68] 在馆    
5 0292224   002922243   第一样本阅览室/ [索取号:G447/68] 在馆    
唐山师范学院图书馆 欢迎您!
大连网信软件有限公司© 版权所有